Normal view
MARC view
- Drishya C
Entry Personal Name
001 - CONTROL NUMBER
- control field: 3347
003 - CONTROL NUMBER IDENTIFIER
- control field: OSt
005 - DATE AND TIME OF LATEST TRANSACTION
- control field: 20180925151626.0
008 - FIXED-LENGTH DATA ELEMENTS
- fixed length control field: 180925|| aca||aabn | a|a d
040 ## - CATALOGING SOURCE
- Original cataloging agency: OSt
- Transcribing agency: OSt
100 ## - HEADING--PERSONAL NAME
- Personal name: Drishya C
670 ## - SOURCE DATA FOUND
- Source citation: Work cat.: (OSt)15492: Drishya C Mufassil Usman Vinduja P.V, Development and performance evaluation of a batch-type cocoa bean dryer, 2018
